| 000 | 01091nam a2200277Ia 4500 | ||
|---|---|---|---|
| 003 | OSt | ||
| 005 | 20221005105407.0 | ||
| 006 | a|||||r|||| 00| 0 | ||
| 007 | ta | ||
| 008 | 221004b |||||||| |||| 00| 0 hin d | ||
| 020 |
_a8187368977 (hbk) _c450 |
||
| 024 | _a5509 | ||
| 037 |
_b38237, 19/07/2013, Segment Book Distributors _cTextual |
||
| 040 |
_aCRL _cCRL _bhin |
||
| 041 |
_2hin _ahin |
||
| 082 | _aO152vN5, P2;P9 | ||
| 100 |
_aशुक्ल, आचार्य रामचन्दª _9623900 |
||
| 245 | 0 | _aहिन्दी साहित्य का इतिहास | |
| 246 | _aHindī sāhitya kā itihāsa | ||
| 260 |
_aनई दिल्ली _bनमन प्रकाशन भारत _c2009 |
||
| 300 |
_a448पृ0 _ccm. |
||
| 490 | _aथ्ल्न्च् क्ब्.1 भ्प्छ | ||
| 650 | _aहिन्दी साहित्य | ||
| 942 |
_hO152vN5, P2;P9 _cTEXL _2cc |
||
| 999 |
_c1015695 _d1015695 |
||